Director de banco / (Record no. 109660)

MARC details
000 -LEADER
campo de control de longitud fija 00619nam a2200205 4500
001 - NÚMERO DE CONTROL
campo de control 109660
003 - IDENTIFICADOR DE NÚMERO DE CONTROL
campo de control ES-MaACL
007 - CAMPO FIJO DE DESCRIPCIÓN FÍSICA--INFORMACIÓN GENERAL
campo de control de longitud fija t|
008 - DATOS DE LONGITUD FIJA--INFORMACIÓN GENERAL
campo de control de longitud fija 061121s19401949sp r ||||1| spa d
100 1# - ENTRADA PRINCIPAL--NOMBRE DE PERSONA
Nombre de persona Moberg, Vilhelm.
9 (RLIN) 81734
245 10 - MENCIÓN DEL TÍTULO
Título Director de banco /
Mención de responsabilidad, etc. por Vilhelm Moberg; [Traducción de Elvira de Yuste y Enrique Yuste].
260 ## - PUBLICACIÓN, DISTRIBUCIÓN, ETC.
Lugar de publicación, distribución, etc. Madrid :
Nombre del editor, distribuidor, etc. La Nave,
Fecha de publicación, distribución, etc. [194_?]
300 ## - DESCRIPCIÓN FÍSICA
Extensión 412 p. ;
Dimensiones 16 cm.
490 1# - MENCIÓN DE SERIE
Mención de serie La Nave ;
Designación de volumen o secuencia B.93
700 1# - ENTRADA AGREGADA--NOMBRE PERSONAL
Nombre de persona Yuste, Elvira de.
9 (RLIN) 117756
700 1# - ENTRADA AGREGADA--NOMBRE PERSONAL
Nombre de persona Yuste, Enrique.
9 (RLIN) 117757
830 0# - PUNTO DE ACCESO ADICIONAL DE SERIE-TÍTULO UNIFORME
Título uniforme La Nave ;
Designación de volumen o secuencia B.93
9 (RLIN) 182879
852 ## - LOCALIZACIÓN
Ubicación ES-MaACL
Número de control de estantería G-13220
Sublocalización o colección R.26035
Holdings
Estatus retirado Estado de pérdida Estado de daño No para préstamo Biblioteca de origen Biblioteca actual Ubicación en estantería Fecha de adquisición Fuente de adquisición Total de préstamos Signatura topográfica completa Código de barras Visto por última vez Precio de reemplazo Tipo de ítem Koha
        Biblioteca del Ateneo de Madrid Biblioteca del Ateneo de Madrid Sala Pecera Planta 3 17/01/2008     G-13220 1114418 23/02/2023 23/02/2023 Libro impreso